Вычисление вещественных корней функций; Известия Томского политехнического института [Известия ТПИ]; Т. 283 : Теплоэнергетика

Detaylı Bibliyografya
Parent link:Известия Томского политехнического института [Известия ТПИ]/ Томский политехнический институт (ТПИ).— , 1944-1976
Т. 283 : Теплоэнергетика.— 1974.— [С. 56-58]
Yazar: Корнилов В. Е.
Özet:Заглавие с титульного листа
Электронная версия печатной публикации
Рассматривается аналитическая функция f(-х), представленная бесконечным рядом, сходящимся на всей числовой оси, и имеющая вещественные положительные корни.
Dil:Rusça
Baskı/Yayın Bilgisi: 1974
Konular:
Online Erişim:Черно-белая версия для предварительного просмотра
Цветная версия без потери качества
Materyal Türü: Elektronik Kitap Bölümü
KOHA link:https://koha.lib.tpu.ru/cgi-bin/koha/opac-detail.pl?biblionumber=238905

MARC

LEADER 00000nla2a2200000 4500
001 238905
005 20231031205239.0
035 |a (RuTPU)RU\TPU\book\260115 
035 |a RU\TPU\book\260114 
090 |a 238905 
100 |a 20130531d1974 k y0rusy50 ca 
101 0 |a rus 
102 |a RU 
135 |a drnn ---uucaa 
181 0 |a i  
182 0 |a b 
200 1 |a Вычисление вещественных корней функций  |b Электронный ресурс  |f В. Е. Корнилов 
203 |a Текст  |c электронный 
215 |a 2 файла (84 Кб, 3 Мб) 
230 |a Электронные текстовые данные (2 файла : 84 Кб, 3 Мб) 
300 |a Заглавие с титульного листа 
300 |a Электронная версия печатной публикации 
320 |a [Библиогр.: с. 58 (4 назв.)] 
330 |a Рассматривается аналитическая функция f(-х), представленная бесконечным рядом, сходящимся на всей числовой оси, и имеющая вещественные положительные корни. 
337 |a Adobe Reader 
461 1 |0 (RuTPU)RU\TPU\book\200995  |t Известия Томского политехнического института [Известия ТПИ]  |f Томский политехнический институт (ТПИ)  |d 1944-1976 
463 1 |0 (RuTPU)RU\TPU\book\260100  |t Т. 283 : Теплоэнергетика  |v [С. 56-58]  |d 1974  |p 102 с. 
610 1 |a электронный ресурс 
610 1 |a труды учёных ТПУ 
675 |a 517  |v 3 
700 1 |a Корнилов  |b В. Е. 
801 1 |a RU  |b 63413507  |c 20090320  |g PSBO 
801 2 |a RU  |b 63413507  |c 20130618  |g PSBO 
856 4 |u http://www.lib.tpu.ru/fulltext/v/Bulletin_TPU/1974/v283/12_bw.pdf  |z Черно-белая версия для предварительного просмотра 
856 4 |u http://www.lib.tpu.ru/fulltext/v/Bulletin_TPU/1974/v283/12_full.pdf  |z Цветная версия без потери качества 
942 |c CF